01715nac a22003495a 4500006001800000008004100018010001300059020001500072020001800087040002800105082002000133100002900153245006500182250001200247260005500259300006500314500002400379500002700403500017100430500015100601500021200752590001200964650002700976650003501003651001001038653002301048655002401071942002401095999001501119952011301134952011801247a||||f ||z 00| 0101019t1995 inua fr 001 0 eng d a94073564 a1567616062 a9781567616064 aEG-ScBUEbengcEG-ScBUE04a004.56bPIV2221 aPivovarnick, John92049614aThe complete idiot's guide to CD-ROM /cby John Pivovarnick. a2nd ed. aIndianapolis, Indiana :bQue Corporation,cc.1995. axx, 327 p. :bill., photos ;c24 cm. +e1 CD-ROM (4 3/4 in.) aIndex : p. 315-327. aGlossary : p. 305-314. a"This book remains dedicated to the memory of Langston Earley (1953-1993), devoted partner, friend, source of inspiration, and a glorious toy-brain in his own right." aCover : "For those of us who are clearly intellectually superior, CD-ROMs are quite simple. The rest of you, however, should consider this book."  aCover: " Quick and easy multimedia for beginners and beyond - Idiot-proof steps to buying and setting up a CD-ROM drive, using multimedia software, and more - Down-to-earth advice when the going gets tough". ashaimaa 0aCD-ROMs.9204972BUEsh 0aOptical storage devices2BUEsh 2BUEsh bCOMSCIcAugust2015 vreading book934232 cBBk004.56 PIV2ddc c9203d9203 00102ddc40708 aMAINbMAINcLOWd2008-04-20epurchasel0o004.56 PIVp000011177r2025-07-15 00:00:00yBB 00102ddc40708 aMAINbMAINcLOWd2010-10-19epurchasel0o004.56 PIVp000022422r2022-08-24 00:00:00yCDVDWBB